000 01224cam a2200337 i 4500
001 15655433
003 EG-ScBUE
005 20250422112906.0
008 090311t2007 njua f b 001 0 eng d
020 _a0471263885
020 _a9780471263883
040 _aEG-ScBUE
_beng
_erda
_cEG-ScBUE
_dEG-ScBUE
082 0 4 _a530.141
_bBLA
_222
100 1 _aBladel, J. van
_q(Jean),
_d1922-
_eauthor.
_931453
245 1 0 _aElectromagnetic fields /
_cJean G. Van Bladel ; IEEE Antennas and Propagation Society, sponsor.
250 _aSecond edition.
264 1 _aHoboken, New Jersey :
_bWiley-Interscience, A John Wiley & Sons, Inc., Publication,
_c[2007]
264 4 _cc2007
300 _axiv, 1155 pages :
_billustrations ;
_c26 cm.
336 _2rdacontent
_atext
_btxt
337 _aunmediated
_2rdamedia
_bn
338 _avolume
_bnc
_2rdacarrier
490 0 _aIEEE Press series on electromagnetic wave theory
500 _aOriginally published: 1964.
500 _aIncludes appendix.
504 _aIncludes bibliographical references and index.
650 7 _aElectromagnetic fields.
_931454
_2BUEsh
655 _vReading book
710 2 _aIEEE Antennas and Propagation Society,
_eSponsor.
_931455
942 _2ddc
_cBB
999 _c17104
_d17076